[Event "Quebec op"]
[Site "Montreal CAN"]
[Date "1990.08.09"]
[Round "6"]
[White "Duong, Thanh Nha"]
[Black "Picard, Jean"]
[Result "1-0"]
[WhiteElo "2224"]
[BlackElo "1998"]
[PlyCount "145"]
[EventDate "1990.08.04"]
[EventType "swiss"]
[EventRounds "8"]
[EventCountry "CAN"]

1. Nf3 Nf6 2. d4 g6 3. Bg5 Ne4 4. Bh4 Bg7 5. Nbd2 d5 6. e3 c5 7. c3 cxd4 8.
exd4 Nc6 9. Bd3 Bf5 10. Qe2 Nxd2 11. Qxd2 Bxd3 12. Qxd3 Qb6 13. O-O O-O 14. Qd2
a5 15. Rae1 e6 16. Re2 a4 17. Bg5 f6 18. Bh6 Na5 19. Bxg7 Kxg7 20. Rfe1 Nc4 21.
Qf4 Rae8 22. Qg4 Rf7 23. a3 Rfe7 24. h4 h5 25. Qh3 e5 26. dxe5 Nxe5 27. Nd4 Kf7
28. Qe3 Qc7 29. Qh6 Ng4 30. Qh7+ Kf8 31. Ne6+ Rxe6 32. Qxc7 Rxe2 33. Qd6+ Kg7
34. Qd7+ Kf8 35. Rxe2 Rxe2 36. g3 Rxb2 37. Qxd5 Rb3 38. Qd8+ Kf7 39. Qd7+ Kf8
40. Qxa4 Rb1+ 41. Kg2 Rb2 42. Kg1 Nxf2 43. Qc4 Kg7 44. Qc7+ Kh6 45. Qf4+ Kg7
46. Qc1 Nd3 47. Qd1 Ne5 48. a4 b6 49. Kf1 Ng4 50. Qd7+ Kh6 51. Qd3 Ne5 52. Qe3+
Kg7 53. c4 Rb4 54. c5 bxc5 55. a5 c4 56. Qc5 Rb1+ 57. Ke2 Rb2+ 58. Kd1 Rb1+ 59.
Kd2 Rb2+ 60. Kc3 Rb3+ 61. Kd4 Rd3+ 62. Ke4 Rd1 63. a6 Ra1 64. Qe7+ Nf7 65. Qb7
Kf8 66. Qb8+ Ke7 67. a7 Nd6+ 68. Kf3 Ra3+ 69. Kf4 g5+ 70. hxg5 fxg5+ 71. Kxg5
Ne4+ 72. Kxh5 Ra5+ 73. Kh4 1-0

[Event "Quebec op"]
[Site "Montreal CAN"]
[Date "1990.08.10"]
[Round "7"]
[White "Spraggett, Grant"]
[Black "Duong, Thanh Nha"]
[Result "1/2-1/2"]
[WhiteElo "2300"]
[BlackElo "2224"]
[PlyCount "63"]
[EventDate "1990.08.04"]
[EventType "swiss"]
[EventRounds "8"]
[EventCountry "CAN"]

1. c4 c6 2. b3 d5 3. Bb2 Nf6 4. g3 Bf5 5. Nf3 e6 6. Bg2 Bd6 7. O-O Nbd7 8. Nc3
h6 9. d3 O-O 10. e4 Bh7 11. Qe2 dxe4 12. dxe4 Bb4 13. e5 Bxc3 14. Bxc3 Ne4 15.
Bb2 a5 16. Rad1 Nec5 17. Ba3 Qc7 18. Qe3 b6 19. Rfe1 Rad8 20. Nd4 Nb8 21. Bxc5
bxc5 22. Ne2 Na6 23. Nc3 Nb4 24. Be4 Bxe4 25. Qxe4 Rd4 26. Rxd4 cxd4 27. Na4 c5
28. a3 Na6 29. Rd1 Rb8 30. Rd3 Qb7 31. Qe1 Qc7 32. f4 1/2-1/2

[Event "Quebec op"]
[Site "Montreal CAN"]
[Date "1990.08.11"]
[Round "8"]
[White "Bergeron, Marc"]
[Black "Duong, Thanh Nha"]
[Result "0-1"]
[WhiteElo "1864"]
[BlackElo "2224"]
[PlyCount "80"]
[EventDate "1990.08.04"]
[EventType "swiss"]
[EventRounds "8"]
[EventCountry "CAN"]

1. d4 Nf6 2. c4 e6 3. Nc3 Bb4 4. g3 O-O 5. Bg2 d5 6. Nf3 Nbd7 7. Qd3 a5 8. O-O
c6 9. cxd5 exd5 10. a3 Bd6 11. Bf4 Bxf4 12. gxf4 Ng4 13. e3 Nb6 14. Qc2 Nc4 15.
Qe2 Re8 16. b3 Nd6 17. h3 Nh6 18. Kh2 Nhf5 19. Rg1 Nh4 20. Nxh4 Qxh4 21. Qf3
Nf5 22. Bf1 Qe7 23. Bd3 g6 24. Na4 Rb8 25. Rgb1 Nh4 26. Qg3 Bf5 27. Bxf5 Nxf5
28. Qf3 Nd6 29. Nc5 b6 30. Nd3 Ne4 31. Rb2 c5 32. Rc2 cxd4 33. exd4 Rec8 34.
Rxc8+ Rxc8 35. a4 Rc3 36. Qe2 Qh4 37. Rf1 Rxb3 38. Rg1 Qf6 39. Qc2 Rc3 40. Qe2
Qxd4 0-1

[Event "Quebec-ch intercoll."]
[Site "Montreal CAN"]
[Date "1990.04.13"]
[Round "1"]
[White "Lussier, Stephane"]
[Black "Duong, Thanh Nha"]
[Result "0-1"]
[WhiteElo "1596"]
[BlackElo "2166"]
[PlyCount "60"]
[EventDate "1990.04.13"]
[EventType "swiss"]
[EventRounds "6"]
[EventCountry "CAN"]

1. Nf3 Nf6 2. d4 c5 3. dxc5 Qa5+ 4. Nc3 Qxc5 5. e3 Nc6 6. Be2 e5 7. Nb5 Qb6 8.
O-O d5 9. c4 Be6 10. cxd5 Bxd5 11. Nc3 Rd8 12. Qa4 Bd6 13. Nb5 Bb8 14. Rd1 O-O
15. Bd2 a6 16. Nc3 Qc7 17. e4 Be6 18. Bg5 Nd4 19. g3 Nxe4 20. Bxd8 Nxc3 21.
Bxc7 Ndxe2+ 22. Kf1 Nxa4 23. Bxb8 Rxb8 24. Kxe2 Nxb2 25. Re1 Bg4 26. Rab1 Nc4
27. Kd3 b5 28. Nxe5 Bf5+ 29. Kd4 Bxb1 30. Rxb1 Rd8+ 0-1

[Event "Quebec-ch intercoll."]
[Site "Montreal CAN"]
[Date "1990.04.13"]
[Round "2"]
[White "Duong, Thanh Nha"]
[Black "Girard, Sylvain"]
[Result "1-0"]
[WhiteElo "2166"]
[BlackElo "1706"]
[PlyCount "72"]
[EventDate "1990.04.13"]
[EventType "swiss"]
[EventRounds "6"]
[EventCountry "CAN"]

1. d4 Nf6 2. Nf3 g6 3. Bg5 Ne4 4. Bh4 Bg7 5. Nbd2 d5 6. e3 O-O 7. Bd3 Bf5 8.
O-O Nc6 9. Nb3 Qd6 10. c4 Nb4 11. Be2 c5 12. a3 Nc6 13. dxc5 Nxc5 14. cxd5 Nxb3
15. Qxb3 Na5 16. Qb5 b6 17. Rac1 Rfc8 18. Qb4 Rc5 19. e4 Bg4 20. e5 Qd7 21. e6
Bxe6 22. dxe6 Qxe6 23. Rfe1 Nc6 24. Qa4 Ra5 25. Qc2 Rc5 26. Qb1 Qc8 27. b4 Rc3
28. b5 Na5 29. Bxe7 Qg4 30. h3 Qa4 31. Bb4 Rb3 32. Qe4 Rf8 33. Bd3 Rb2 34. Bxf8
Qxe4 35. Rxe4 Bxf8 36. Rc8 Kg7 1-0

[Event "Quebec-ch intercoll."]
[Site "Montreal CAN"]
[Date "1990.04.14"]
[Round "3"]
[White "Abreu Cordero, Jose"]
[Black "Duong, Thanh Nha"]
[Result "0-1"]
[WhiteElo "1886"]
[BlackElo "2166"]
[PlyCount "109"]
[EventDate "1990.04.13"]
[EventType "swiss"]
[EventRounds "6"]
[EventCountry "CAN"]

1. d4 d5 2. c4 e6 3. Nf3 Nf6 4. Bg5 Nbd7 5. e3 c6 6. Nc3 Qa5 7. Bd3 Ne4 8. cxd5
Nxc3 9. bxc3 Qxc3+ 10. Ke2 exd5 11. Rc1 Qa3 12. Qc2 h6 13. Bh4 Bd6 14. Rhg1 Nf8
15. Bg3 Bxg3 16. hxg3 Bg4 17. Rh1 Ne6 18. Kf1 Bxf3 19. gxf3 O-O-O 20. Kg2 h5
21. f4 Qe7 22. Rb1 Rd6 23. g4 Nd8 24. Rxh5 Rxh5 25. gxh5 Rh6 26. Be2 g6 27. Rh1
Kb8 28. Rh3 Qf6 29. hxg6 Rxg6+ 30. Rg3 Rh6 31. Bg4 Ne6 32. Qf5 Qxf5 33. Bxf5 b5
34. Rg8+ Kb7 35. Re8 Rf6 36. Re7+ Kb6 37. Bc2 a5 38. Kf3 Ng5+ 39. Kg4 Ne4 40.
Bxe4 dxe4 41. f5 c5 42. dxc5+ Kxc5 43. Kg5 Rd6 44. Rxe4 b4 45. Re7 f6+ 46. Kg6
a4 47. Rb7 Rb6 48. Rc7+ Kd5 49. f3 b3 50. axb3 axb3 51. Rc1 b2 52. Rb1 Ke5 53.
f4+ Ke4 54. Rxb2 Rxb2 55. Kxf6 0-1

[Event "Quebec-ch intercoll."]
[Site "Montreal CAN"]
[Date "1990.04.14"]
[Round "4"]
[White "Duong, Thanh Nha"]
[Black "D'Auteuil, Maurice"]
[Result "1/2-1/2"]
[WhiteElo "2166"]
[BlackElo "1830"]
[PlyCount "82"]
[EventDate "1990.04.13"]
[EventType "swiss"]
[EventRounds "6"]
[EventCountry "CAN"]

1. Nf3 Nf6 2. c4 g6 3. d4 Bg7 4. g3 c5 5. Bg2 O-O 6. O-O cxd4 7. Nxd4 Nc6 8.
Nc3 Qb6 9. Nb3 d6 10. Be3 Qd8 11. h3 Be6 12. Nd5 Qd7 13. Kh2 Rac8 14. f4 Rb8
15. Nd4 Bxd5 16. cxd5 Nxd4 17. Bxd4 b6 18. e4 Rfd8 19. Qd2 Qa4 20. Rfd1 Rbc8
21. b3 Qe8 22. Qb2 Qf8 23. Kh1 Nh5 24. Qf2 Bxd4 25. Rxd4 Qg7 26. Rad1 Rc3 27.
Bf3 Qh6 28. Bxh5 Qxh5 29. Kg2 Rdc8 30. R4d3 Qh6 31. Rxc3 Rxc3 32. Qd2 Rc8 33.
e5 dxe5 34. fxe5 Qxd2+ 35. Rxd2 f6 36. exf6 exf6 37. Kf3 Kf7 38. Rd3 Ke7 39. g4
Kd6 40. a4 Rc7 41. Ke4 Re7+ 1/2-1/2

[Event "Quebec-ch intercoll."]
[Site "Montreal CAN"]
[Date "1990.04.15"]
[Round "5"]
[White "Savoie, Guy"]
[Black "Duong, Thanh Nha"]
[Result "0-1"]
[WhiteElo "1931"]
[BlackElo "2166"]
[PlyCount "76"]
[EventDate "1990.04.13"]
[EventType "swiss"]
[EventRounds "6"]
[EventCountry "CAN"]

1. e4 c5 2. Nf3 Nc6 3. d4 cxd4 4. Nxd4 Nf6 5. Nc3 g6 6. g3 Bg7 7. Nde2 d6 8.
Bg2 Be6 9. O-O O-O 10. Nd5 Rc8 11. Bd2 Ne5 12. Bc3 Nxd5 13. exd5 Bg4 14. f3 Bd7
15. Kh1 Qc7 16. Qd4 Qc4 17. Rfe1 Qxd4 18. Nxd4 Rfe8 19. Re2 Nc4 20. Rc1 Nb6 21.
f4 Na4 22. Re3 Rc4 23. Ne2 Nxc3 24. Nxc3 Bd4 25. Ree1 Bxc3 26. bxc3 Rxc3 27.
Re4 Kf8 28. Rb4 b5 29. Be4 a5 30. Rb3 Rec8 31. Kg2 b4 32. Kf2 Bf5 33. Bxf5 gxf5
34. Rxc3 Rxc3 35. Ke2 Rc5 36. Kd3 Rxd5+ 37. Kc4 Rc5+ 38. Kb3 Rc3+ 0-1

[Event "Quebec-ch intercoll."]
[Site "Montreal CAN"]
[Date "1990.04.15"]
[Round "6"]
[White "Saint-Pierre, Benoit"]
[Black "Duong, Thanh Nha"]
[Result "1/2-1/2"]
[WhiteElo "2070"]
[BlackElo "2166"]
[PlyCount "35"]
[EventDate "1990.04.13"]
[EventType "swiss"]
[EventRounds "6"]
[EventCountry "CAN"]

1. e4 c5 2. f4 d5 3. Nc3 Nf6 4. e5 d4 5. exf6 dxc3 6. fxg7 cxd2+ 7. Qxd2 Qxd2+
8. Bxd2 Bxg7 9. O-O-O O-O 10. Ne2 Nc6 11. Bc3 Bf5 12. Bxg7 Kxg7 13. Ng3 Bc8 14.
c3 Rd8 15. Rxd8 Nxd8 16. Bc4 Bd7 17. Re1 Kf8 18. Bd5 1/2-1/2

[Event "Quebec-ch U20"]
[Site "Montreal CAN"]
[Date "1990.03.01"]
[Round "1"]
[White "Glass, Martin"]
[Black "Duong, Thanh Nha"]
[Result "1/2-1/2"]
[WhiteElo "1900"]
[BlackElo "2208"]
[PlyCount "79"]
[EventDate "1990.03.01"]
[EventType "tourn"]
[EventRounds "7"]
[EventCountry "CAN"]

1. e4 c5 2. Nf3 Nc6 3. d4 cxd4 4. Nxd4 Nf6 5. Nc3 e5 6. Ndb5 d6 7. Bg5 a6 8.
Na3 b5 9. Nd5 Be7 10. Bxf6 Bxf6 11. c3 O-O 12. Be2 Rb8 13. Nc2 Bg5 14. O-O a5
15. a3 a4 16. Bd3 Na5 17. Qe2 Bd7 18. Nce3 g6 19. g4 Nb3 20. Rad1 Nc5 21. Bb1
Kg7 22. Kg2 Rh8 23. Rh1 h5 24. h3 Ne6 25. Ba2 Bf4 26. Nb4 hxg4 27. hxg4 Rxh1
28. Rxh1 Qg5 29. Bxe6 Bxe6 30. Nbd5 Rh8 31. Rxh8 Kxh8 32. Qxb5 Qh4 33. Qxa4
Qh2+ 34. Kf1 Bg5 35. Qc2 Qh3+ 36. Ke2 Bxg4+ 37. Nxg4 Qxg4+ 38. Kf1 Qf3 39. Nb4
Bh4 40. a4 1/2-1/2

[Event "Quebec-ch U20"]
[Site "Montreal CAN"]
[Date "1990.03.02"]
[Round "3"]
[White "Lavoie, Denis"]
[Black "Duong, Thanh Nha"]
[Result "0-1"]
[WhiteElo "1896"]
[BlackElo "2208"]
[PlyCount "70"]
[EventDate "1990.03.01"]
[EventType "tourn"]
[EventRounds "7"]
[EventCountry "CAN"]

1. Nf3 Nf6 2. d4 c5 3. d5 b5 4. c4 Bb7 5. Nc3 b4 6. Nb1 d6 7. Nbd2 e5 8. e4 g6
9. a4 Bh6 10. g3 O-O 11. Bh3 Bc8 12. Bxc8 Qxc8 13. Qe2 b3 14. Nxb3 Bxc1 15.
Nxc1 Na6 16. Rb1 Rb8 17. b3 Qh3 18. Nd2 Nb4 19. Rb2 Rb7 20. Qf1 Qh6 21. Qe2 Nh5
22. Nd3 f5 23. Nxb4 Rxb4 24. Kd1 Nf6 25. f3 Qg5 26. Kc2 h5 27. Rbb1 Kg7 28.
exf5 Qxf5+ 29. Qd3 Qh3 30. Qf1 Qd7 31. Qd3 Rb7 32. Ne4 Nxe4 33. fxe4 Qh3 34.
Rbf1 Qg2+ 35. Kc3 Rxb3+ 0-1

[Event "Quebec-ch U20"]
[Site "Montreal CAN"]
[Date "1990.03.03"]
[Round "4"]
[White "Cazelais, Marc"]
[Black "Duong, Thanh Nha"]
[Result "1-0"]
[WhiteElo "2165"]
[BlackElo "2208"]
[PlyCount "97"]
[EventDate "1990.03.01"]
[EventType "tourn"]
[EventRounds "7"]
[EventCountry "CAN"]

1. e4 e6 2. d4 d5 3. Nc3 Nf6 4. Bg5 dxe4 5. Nxe4 Be7 6. Bxf6 gxf6 7. Nf3 b6 8.
Bb5+ c6 9. Bd3 Bb7 10. Qd2 Nd7 11. Qh6 f5 12. Qg7 Rf8 13. Ng3 Bf6 14. Qh6 Qe7
15. O-O O-O-O 16. Rfe1 Qd6 17. c3 Rg8 18. Qxh7 Qf8 19. Nxf5 exf5 20. Qxf5 Qg7
21. Bf1 Qg4 22. Qxg4 Rxg4 23. g3 Kc7 24. Bg2 Rgg8 25. Re3 Rde8 26. Rae1 Rxe3
27. Rxe3 Kd8 28. Ne5 Bxe5 29. dxe5 Re8 30. f4 Kc7 31. Kf2 c5 32. Bxb7 Kxb7 33.
h4 c4 34. b3 Nc5 35. bxc4 Kc6 36. g4 Kd7 37. Kg3 Ke7 38. f5 Rd8 39. h5 Kf8 40.
h6 Kg8 41. g5 Re8 42. Kg4 Kh7 43. Kh5 Kg8 44. g6 fxg6+ 45. Kxg6 Nd7 46. h7+ Kh8
47. e6 Re7 48. exd7 Rg7+ 49. Kf6 1-0

[Event "Quebec-ch U20"]
[Site "Montreal CAN"]
[Date "1990.03.03"]
[Round "5"]
[White "Duong, Thanh Nha"]
[Black "Gravel, Simon M"]
[Result "1-0"]
[WhiteElo "2208"]
[BlackElo "1918"]
[PlyCount "117"]
[EventDate "1990.03.01"]
[EventType "tourn"]
[EventRounds "7"]
[EventCountry "CAN"]

1. d4 b6 2. e4 Bb7 3. Nd2 e6 4. Bd3 c5 5. c3 Nf6 6. Ngf3 Be7 7. O-O O-O 8. e5
Nd5 9. Ne4 f5 10. exf6 Nxf6 11. Qe2 Nxe4 12. Bxe4 Bxe4 13. Qxe4 Nc6 14. d5 exd5
15. Qxd5+ Kh8 16. Rd1 Bf6 17. Qxd7 Qxd7 18. Rxd7 Rad8 19. Rxd8 Rxd8 20. Bf4 Kg8
21. Kf1 h6 22. h4 Kf7 23. Ke2 Re8+ 24. Kd2 Ne5 25. Nxe5+ Bxe5 26. Bxe5 Rxe5 27.
g3 Kf6 28. Re1 Rd5+ 29. Kc2 Rd7 30. Re8 Kf7 31. Re5 Kf6 32. f4 g6 33. g4 Rd8
34. g5+ hxg5 35. hxg5+ Kf7 36. Kb3 Rd2 37. a4 Rf2 38. Re4 Rd2 39. Ka3 Rd3 40.
a5 Rd1 41. axb6 axb6 42. Ka4 Rd2 43. b3 Rd3 44. Rc4 Ke6 45. Kb5 Rd6 46. b4 cxb4
47. cxb4 Kd7 48. Ka6 Kd8 49. b5 Kd7 50. Kb7 Re6 51. Rc7+ Ke8 52. Rc6 Re4 53.
Rf6 Rb4 54. Kxb6 Rc4 55. Kb7 Kd7 56. b6 Ra4 57. Kb8 Rb4 58. b7 Ra4 59. Rxg6 1-0

[Event "Quebec-ch U20"]
[Site "Montreal CAN"]
[Date "1990.03.04"]
[Round "6"]
[White "Ouaknine, Joel"]
[Black "Duong, Thanh Nha"]
[Result "1/2-1/2"]
[WhiteElo "1926"]
[BlackElo "2208"]
[PlyCount "68"]
[EventDate "1990.03.01"]
[EventType "tourn"]
[EventRounds "7"]
[EventCountry "CAN"]

1. e4 e5 2. Nf3 Nc6 3. Bb5 a6 4. Bxc6 dxc6 5. O-O Bg4 6. h3 h5 7. d3 Qf6 8. Be3
Bd6 9. Nbd2 Ne7 10. Re1 Bd7 11. d4 Ng6 12. Nc4 Qe7 13. dxe5 Bc5 14. Qe2 Bxe3
15. Qxe3 h4 16. Nd4 Qc5 17. b3 O-O 18. f4 Nxf4 19. Qxf4 Qxd4+ 20. Kh1 Be6 21.
Rad1 Qc5 22. Ne3 Rad8 23. Nf5 Rxd1 24. Rxd1 Bxf5 25. exf5 Qxc2 26. Rd7 Qxa2 27.
f6 Qxb3 28. Qxh4 Qb1+ 29. Kh2 Qf5 30. fxg7 Qxe5+ 31. Kh1 Qa1+ 32. Kh2 Qe5+ 33.
Kh1 Qa1+ 34. Kh2 Qe5+ 1/2-1/2

[Event "Quebec-ch U20"]
[Site "Montreal CAN"]
[Date "1990.03.04"]
[Round "7"]
[White "Duong, Thanh Nha"]
[Black "Arsenault, Nicolas"]
[Result "1-0"]
[WhiteElo "2208"]
[BlackElo "1995"]
[PlyCount "61"]
[EventDate "1990.03.01"]
[EventType "tourn"]
[EventRounds "7"]
[EventCountry "CAN"]

1. Nf3 Nf6 2. c4 c5 3. d4 cxd4 4. Nxd4 Nc6 5. Nc3 e6 6. g3 Qb6 7. Ndb5 Ne5 8.
Bf4 Nfg4 9. Ne4 d5 10. h3 dxe4 11. hxg4 Bb4+ 12. Bd2 Bxd2+ 13. Qxd2 e3 14. Qxe3
Qxe3 15. fxe3 O-O 16. Rc1 Bd7 17. Nd6 Bc6 18. Rh4 Rfd8 19. c5 b6 20. g5 Rab8
21. b3 Rd7 22. Rd4 b5 23. Bh3 Re7 24. Rcd1 h6 25. gxh6 gxh6 26. Kf2 Kg7 27. Bg2
a6 28. Bxc6 Nxc6 29. Rg4+ Kh7 30. Rh1 f5 31. Rgh4 1-0

[Event "CAN-ch U20 1989-90"]
[Site "Toronto CAN"]
[Date "1989.??.??"]
[Round "?"]
[White "Duong, Thanh Nha"]
[Black "Huber, Greg"]
[Result "1-0"]
[WhiteElo "2226"]
[BlackElo "2272"]
[PlyCount "171"]
[EventDate "1989.12.26"]
[EventType "tourn"]
[EventRounds "11"]
[EventCountry "CAN"]

1. c4 e5 2. Nc3 Nc6 3. g3 g6 4. Bg2 Bg7 5. Nf3 d6 6. d3 Nge7 7. Bd2 Be6 8. Ng5
Bd7 9. O-O h6 10. Nf3 O-O 11. e4 f5 12. Nd5 Rf7 13. Nh4 f4 14. Nxe7+ Nxe7 15.
Bc3 c5 16. Re1 Qc8 17. Qe2 g5 18. Nf5 Nxf5 19. exf5 Bxf5 20. gxf4 gxf4 21. Bd5
Be6 22. Qe4 f3 23. Kh1 Bxd5 24. Qxd5 Qc6 25. Qe6 Re8 26. Qg6 Rf6 27. Qg3 Qd7
28. Re4 Qf7 29. Rg1 Kh7 30. Rg4 Bf8 31. Bd2 Ree6 32. Qh4 Rg6 33. Rxg6 Rxg6 34.
Qe4 b6 35. Rg3 Kg7 36. Rxf3 Qe7 37. Qf5 Rf6 38. Rg3+ Kh8 39. Qg4 Qf7 40. f4
exf4 41. Rf3 Rg6 42. Rxf4 Qb7+ 43. Qf3 Qxf3+ 44. Rxf3 Bg7 45. b3 Bd4 46. Rf1
Kg7 47. Bf4 h5 48. Bg3 Kh6 49. Re1 Kg7 50. Re4 Kf7 51. a4 Kg7 52. Kg2 Be5 53.
Kf3 Bxg3 54. hxg3 Kf6 55. Re8 Rg4 56. Rf8+ Ke5 57. Rh8 Rg5 58. Rh7 Kd4 59. Rxa7
Kxd3 60. Rb7 Rf5+ 61. Kg2 d5 62. cxd5 Rxd5 63. Rxb6 Rg5 64. Kh3 Kd4 65. a5 c4
66. b4 c3 67. a6 c2 68. Rc6 Rg6 69. Rxc2 Rxa6 70. Rc5 Rb6 71. Rxh5 Ke4 72. b5
Rb8 73. Rh4+ Kf5 74. Rb4 Rb6 75. g4+ Kg5 76. Kg3 Kf6 77. Kf4 Ke6 78. Ke4 Rb8
79. b6 Rg8 80. Kf4 Rf8+ 81. Kg3 Kd6 82. b7 Rb8 83. g5 Ke6 84. Kg4 Kf7 85. Kf5
Kg7 86. Ke6 1-0

[Event "CAN-ch U20 1989-90"]
[Site "Toronto CAN"]
[Date "1989.??.??"]
[Round "?"]
[White "Lamb, Bryan"]
[Black "Duong, Thanh Nha"]
[Result "0-1"]
[WhiteElo "2156"]
[BlackElo "2226"]
[PlyCount "98"]
[EventDate "1989.12.26"]
[EventType "tourn"]
[EventRounds "11"]
[EventCountry "CAN"]

1. e4 e5 2. Nf3 Nc6 3. Bb5 a6 4. Ba4 Nf6 5. O-O Be7 6. Re1 b5 7. Bb3 d6 8. c3
Bg4 9. d3 O-O 10. Nbd2 Na5 11. Bc2 c5 12. Nf1 Qc7 13. Ng3 c4 14. d4 Rfc8 15. d5
Nb7 16. h3 Bd7 17. Nh2 a5 18. f4 Ne8 19. f5 Kh8 20. Rf1 Qd8 21. Qf3 Bg5 22. Ng4
Bxc1 23. Raxc1 Qg5 24. Ne2 Nf6 25. Ne3 Nc5 26. g4 h5 27. Kf2 Kg8 28. Rh1 Kf8
29. h4 Nxg4+ 30. Nxg4 Qxg4 31. Qe3 Nd3+ 32. Bxd3 cxd3 33. Qxd3 Rc4 34. Ke3 Bxf5
35. exf5 e4 36. Qd1 Qf3+ 37. Kd2 Qxf5 38. Kc2 Rc5 39. Qf1 Qxd5 40. Rd1 Qxa2 41.
Rxd6 b4 42. Rb6 Rac8 43. Rh3 Rd5 44. Qg1 Qa4+ 45. Kc1 Rcd8 46. Rh1 Qa1+ 47. Kc2
Rd2+ 48. Kb3 Rxb2+ 49. Kc4 Qa2+ 0-1

[Event "Quebec op"]
[Site "Montreal CAN"]
[Date "1989.07.22"]
[Round "1"]
[White "Hamel, Jean-Claude"]
[Black "Duong, Thanh Nha"]
[Result "0-1"]
[WhiteElo "1811"]
[BlackElo "2066"]
[PlyCount "40"]
[EventDate "1989.07.22"]
[EventType "swiss"]
[EventRounds "8"]
[EventCountry "CAN"]

1. e4 e5 2. Nf3 Nc6 3. g3 Nf6 4. d3 Bc5 5. Bg2 d6 6. c3 O-O 7. O-O Bb6 8. Nbd2
Bg4 9. Nc4 Qd7 10. Nxb6 axb6 11. Bg5 Qe6 12. Qb3 h6 13. Be3 Nd7 14. d4 Qf6 15.
Qd1 exd4 16. cxd4 Nde5 17. dxe5 Nxe5 18. Qc2 Nxf3+ 19. Kh1 Ra5 20. h4 Rh5 0-1

[Event "Quebec op"]
[Site "Montreal CAN"]
[Date "1989.07.24"]
[Round "3"]
[White "Duong, Thanh Nha"]
[Black "Morin, Yves"]
[Result "1-0"]
[WhiteElo "2066"]
[BlackElo "2328"]
[PlyCount "51"]
[EventDate "1989.07.22"]
[EventType "swiss"]
[EventRounds "8"]
[EventCountry "CAN"]

1. d4 Nf6 2. Nf3 b5 3. Bg5 Ne4 4. Bh4 Bb7 5. Nbd2 g6 6. e3 a6 7. Bd3 Nxd2 8.
Qxd2 Bg7 9. a4 c6 10. c4 bxc4 11. Qb4 c5 12. Qxb7 Nc6 13. Bxc4 Rb8 14. Qxa6 Nb4
15. Bxf7+ Kxf7 16. Qe2 Rf8 17. O-O Kg8 18. Qc4+ Kh8 19. Qxc5 d6 20. Qc4 h6 21.
Qe6 g5 22. Bxg5 hxg5 23. Nxg5 Qc8 24. Qg6 Qf5 25. Qh5+ Kg8 26. e4 1-0

[Event "Quebec op"]
[Site "Montreal CAN"]
[Date "1989.07.25"]
[Round "4"]
[White "Barbeau, Sylvain"]
[Black "Duong, Thanh Nha"]
[Result "1-0"]
[WhiteElo "2337"]
[BlackElo "2066"]
[PlyCount "76"]
[EventDate "1989.07.22"]
[EventType "swiss"]
[EventRounds "8"]
[EventCountry "CAN"]

1. d4 d5 2. Bg5 Nf6 3. Bxf6 exf6 4. e3 Be6 5. Bd3 Nd7 6. Nd2 f5 7. Ne2 Bd6 8.
Nf4 Bxf4 9. exf4 Nf6 10. Nf1 Qd6 11. Qd2 Ne4 12. Bxe4 fxe4 13. g3 Bg4 14. Ne3
Bf3 15. Rg1 O-O-O 16. b4 Kb8 17. a4 Rhe8 18. Qc3 a5 19. Rb1 axb4 20. Qxb4 Qa6
21. Qb5 Re6 22. Kd2 Qa7 23. c3 Rb6 24. Qc5 Qa6 25. Rb5 Qxa4 26. Rxb6 cxb6 27.
Qxb6 Qa2+ 28. Nc2 Rd7 29. Qb5 Rc7 30. Ra1 Qc4 31. Qxc4 dxc4 32. Ke3 f5 33. d5
Bh5 34. Kd4 Bf7 35. Ne3 g6 36. Nxc4 Rd7 37. Nb6 Rd6 38. Kc5 Kc7 1-0

[Event "Quebec op"]
[Site "Montreal CAN"]
[Date "1989.07.26"]
[Round "5"]
[White "Duong, Thanh Nha"]
[Black "Belanger, Jacques"]
[Result "1-0"]
[WhiteElo "2066"]
[BlackElo "1895"]
[PlyCount "99"]
[EventDate "1989.07.22"]
[EventType "swiss"]
[EventRounds "8"]
[EventCountry "CAN"]

1. d4 Nf6 2. Nf3 g6 3. c4 Bg7 4. Nc3 O-O 5. e4 d6 6. Be2 e5 7. O-O Nc6 8. d5
Ne7 9. Ne1 Nd7 10. Nd3 f5 11. Bd2 Nf6 12. f3 f4 13. g4 g5 14. Be1 Ng6 15. b4 h5
16. h3 Rf7 17. Bf2 Bf8 18. Kg2 Rh7 19. Rh1 hxg4 20. hxg4 Nh4+ 21. Bxh4 gxh4 22.
c5 Rh6 23. Qb3 Nh7 24. Rac1 Ng5 25. cxd6 cxd6 26. Nf2 h3+ 27. Nxh3 Rxh3 28.
Rxh3 Nxh3 29. Kxh3 Qb6 30. Kg2 Qe3 31. Qc2 Be7 32. Nd1 Qa3 33. Qb2 Qa4 34. Nc3
Qe8 35. Nb5 Qg6 36. Nc7 Rb8 37. Qa3 Bh4 38. Qxa7 Bxg4 39. Qxb8+ Kh7 40. fxg4
Qxe4+ 41. Bf3 Qe3 42. Rf1 e4 43. Qe8 exf3+ 44. Rxf3 Qd2+ 45. Kh3 Bg3 46. Qh5+
Kg8 47. g5 Qh2+ 48. Kg4 Qg2 49. Qh3 Qxa2 50. g6 1-0

[Event "Quebec op"]
[Site "Montreal CAN"]
[Date "1989.07.27"]
[Round "6"]
[White "Spraggett, Grant"]
[Black "Duong, Thanh Nha"]
[Result "0-1"]
[WhiteElo "2259"]
[BlackElo "2066"]
[PlyCount "118"]
[EventDate "1989.07.22"]
[EventType "swiss"]
[EventRounds "8"]
[EventCountry "CAN"]

1. c4 c6 2. e4 d5 3. exd5 cxd5 4. cxd5 Nf6 5. Bb5+ Nbd7 6. Nc3 a6 7. Qa4 Rb8 8.
Bxd7+ Bxd7 9. Qf4 Rc8 10. Nf3 Bb5 11. Ne5 g5 12. Qf3 Bg7 13. a4 Bc4 14. Nxc4
Rxc4 15. d3 g4 16. Qe2 Rb4 17. Bg5 O-O 18. Bxf6 Bxf6 19. O-O Qd7 20. Rab1 Kh8
21. Qd1 a5 22. d6 Qxd6 23. Ne4 Qd4 24. b3 Rc8 25. Rc1 Be5 26. Rc4 Rbxc4 27.
bxc4 f5 28. Ng3 f4 29. Nf5 Qd7 30. Nh6 Rf8 31. Qe2 Bg7 32. Nxg4 Qxa4 33. Ne5
Qa3 34. d4 a4 35. c5 Qc3 36. Rd1 a3 37. h3 Qb3 38. Rd3 Qb1+ 39. Rd1 a2 40. Qe1
Qb3 41. Ra1 Ra8 42. Kh2 Kg8 43. Nf3 Bf6 44. Qc1 Ra4 45. Qe1 Kf8 46. Qc1 Rc4 47.
Qxf4 Qb2 48. Qh6+ Ke8 49. Qh5+ Kd8 50. Qd5+ Kc7 51. Qxc4 Qxa1 52. Nd2 Qb2 53.
Nb3 a1=Q 54. Nxa1 Qxa1 55. d5 Qe5+ 56. f4 Qd4 57. d6+ exd6 58. Qf7+ Kc6 59.
cxd6 Qxf4+ 0-1

[Event "Quebec op"]
[Site "Montreal CAN"]
[Date "1989.07.29"]
[Round "8"]
[White "Saint-Pierre, Benoit"]
[Black "Duong, Thanh Nha"]
[Result "0-1"]
[WhiteElo "2126"]
[BlackElo "2066"]
[PlyCount "114"]
[EventDate "1989.07.22"]
[EventType "swiss"]
[EventRounds "8"]
[EventCountry "CAN"]

1. c4 Nf6 2. Nf3 c6 3. d4 d5 4. g3 Nbd7 5. Bg2 e6 6. O-O dxc4 7. Qc2 Be7 8.
Qxc4 O-O 9. Nc3 Nb6 10. Qb3 Nbd5 11. Ne5 Nd7 12. Nd3 Qb6 13. Qc4 Nb4 14. Be3
Nxd3 15. Qxd3 Qxb2 16. a4 Qb4 17. f4 Nf6 18. Bc1 Qa5 19. Bd2 Qc7 20. e4 Rd8 21.
Qc4 Qb6 22. Ne2 a5 23. Kh1 Qa6 24. Rfc1 Bd7 25. Qxa6 Rxa6 26. Nc3 Bb4 27. Be3
Be8 28. Bf3 Raa8 29. Na2 c5 30. dxc5 Rd3 31. e5 Nd5 32. Bxd5 exd5 33. Bf2 Ba3
34. Rd1 Rxd1+ 35. Rxd1 Bxa4 36. Rd3 Bb4 37. Kg1 Bc2 38. Rxd5 Bb3 39. Nxb4 Bxd5
40. Nxd5 a4 41. Nb6 Ra6 42. Bd4 a3 43. Kf2 a2 44. Nc8 Ra4 45. Ba1 Rc4 46. Nd6
Rxc5 47. Nxb7 Rc1 48. Bd4 Rc4 49. Ba1 Rc2+ 50. Kf3 Rc1 51. Bd4 Rd1 52. e6 fxe6
53. Be5 Rd5 54. Ba1 Kf7 55. Ke4 Rd1 56. Bc3 Rc1 57. Nd6+ Ke7 0-1

[Event "Quebec-ch U20"]
[Site "Montreal CAN"]
[Date "1989.03.03"]
[Round "2"]
[White "Duong, Thanh Nha"]
[Black "Lavoie, Denis"]
[Result "1-0"]
[WhiteElo "2070"]
[BlackElo "1658"]
[PlyCount "73"]
[EventDate "1989.03.02"]
[EventType "tourn"]
[EventRounds "7"]
[EventCountry "CAN"]

1. e4 c6 2. d4 d5 3. e5 Bf5 4. Ne2 e6 5. Ng3 Bg6 6. h4 h6 7. h5 Bh7 8. Bd3 Bxd3
9. Qxd3 Qb6 10. Nd2 Qa6 11. Qe3 Nd7 12. f4 c5 13. c3 cxd4 14. cxd4 Bb4 15. Kf2
Ne7 16. Rf1 Nc6 17. Nf3 Rc8 18. f5 Be7 19. Bd2 Nb4 20. Bxb4 Bxb4 21. Rac1 b6
22. Qf4 Be7 23. fxe6 fxe6 24. Qg4 Rxc1 25. Rxc1 Nf8 26. Qxg7 Rh7 27. Qg8 Kd7
28. a3 Qd3 29. Re1 Qc2+ 30. Re2 Qc1 31. Rd2 Qc8 32. Ne2 Qe8 33. Qg4 Rf7 34. Nf4
Kc7 35. Kg1 Rf5 36. Nxe6+ Nxe6 37. Qxf5 1-0